Top 10 Philadelphia 76ers Players - Statistics

General Stats
  • This quiz has been taken 112 times
    20 since last reset
  • The average score is 8 of 10
Answer Stats
WS Position Years Answer % Correct
79.7 Guard 1997-2007, 2010 Allen Iverson
94%
64.9 Center 2017-2025 Joel Embiid
94%
71.2 Center 1965-1968 Wilt Chamberlain
89%
106.1 Forward 1985-1992 Charles Barkley
83%
106.2 Forward 1977-1987 Julius Erving
83%
142.4 Forward 1950-1964 Dolph Schayes
72%
63.2 Forward 1966-1976 Billy Cunningham
67%
102.7 Guard 1959-1973 Hal Greer
61%
87.7 Guard 1979-1989 Maurice Cheeks
61%
61.2 Forward 2005-2012 Andre Iguodala
50%
No matching quizzes found
Score Distribution
Percent of People with Each Score
Percentile by Number Answered
Your Score History
You have not taken this quiz since the last reset